000 00288nam a22001337a 4500
008 181217b xxu||||| |||| 00| 0 eng d
020 _a9781607148326
041 _aeng
080 _a341
100 _a14
101 _aJUR
245 _aGet Into Law School
_cRuth.L
942 _2udc
_cBK
999 _c53261
_d53261